000
00281nam a2200109Ia 4500
008
200302s9999 xx 000 0 und d
100
_a
Molly Emma Aitken
245
_a
A Magic World : New visions of Indian Painting
260
_b
Marg Publishing
260
_c
2016
300
_a
129 P.,
999
_c
4988
_d
4988